[Event "Hastings Masters 2016/17"]
[Site "Hastings, England"]
[Date "2016.12.29"]
[Round "2.19"]
[White "Trevelyan, John"]
[Black "Dyrgaard, Kristoffer"]
[Result "0-1"]
[WhiteElo "2082"]
[BlackElo "2311"]
[PlyCount "0"]
[EventDate "2016.12.28"]

1. d4 Nf6 2. c4 g6 3. Nc3 d5 4. Nf3 Bg7 5. Bg5 Ne4 6. cxd5 Nxg5 7. Nxg5 e6 8. Nf3
exd5 9. e3 O-O 10. Bd3 c6 11. O-O Be6 12. Rc1 Nd7 13. Na4 f5 14. g3 g5 15. h4 h6
16. hxg5 hxg5 17. Kg2 Qf6 18. Rh1 g4 19. Ng1 Kf7 20. Ne2 Rh8 21. Qc2 Bh6 22. Nc5
Nxc5 23. dxc5 d4 24. e4 Bxc1 0-1

[Event "Hastings Masters 2016/17"]
[Site "Hastings, England"]
[Date "2016.12.29"]
[Round "2.20"]
[White "Webb, Laurence E"]
[Black "Britton, Richard L"]
[Result "1-0"]
[WhiteElo "2300"]
[BlackElo "2139"]
[PlyCount "0"]
[EventDate "2016.12.28"]

1. e4 {[%clk 1:40:33]} c5 {[%clk 1:40:48]} 2. Nf3 {[%clk 1:40:46]} d6
{[%clk 1:41:11]} 3. Bb5+ {[%clk 1:40:51]} Bd7 {[%clk 1:41:36]} 4. Bxd7+
{[%clk 1:40:55]} Qxd7 {[%clk 1:42:00]} 5. c4 {[%clk 1:40:48]} Nf6
{[%clk 1:42:22]} 6. Nc3 {[%clk 1:40:53]} g6 {[%clk 1:42:43]} 7. d4
{[%clk 1:40:05]} cxd4 {[%clk 1:43:05]} 8. Nxd4 {[%clk 1:40:30]} Bg7
{[%clk 1:43:29]} 9. f3 {[%clk 1:40:28]} O-O {[%clk 1:43:52]} 10. Be3
{[%clk 1:40:50]} Nc6 {[%clk 1:21:55]} 11. O-O {[%clk 1:38:47]} Rfe8
{[%clk 0:37:43]} 12. Qd2 {[%clk 1:35:16]} Nxd4 {[%clk 0:25:00]} 13. Bxd4
{[%clk 1:34:16]} Qc6 {[%clk 0:24:19]} 14. b3 {[%clk 1:30:14]} e6 {[%clk 0:21:34]}
15. Rac1 {[%clk 1:28:07]} a6 {[%clk 0:21:40]} 16. Rfd1 {[%clk 1:27:10]} Rad8
{[%clk 0:21:03]} 17. Qf2 {[%clk 1:15:40]} Rc8 {[%clk 0:15:55]} 18. a4
{[%clk 1:10:33]} Red8 {[%clk 0:13:17]} 19. g3 {[%clk 1:07:35]} h5
{[%clk 0:12:59]} 20. Kg2 {[%clk 1:04:24]} Ne8 {[%clk 0:05:05]} 21. Bb6
{[%clk 0:48:37]} Rd7 {[%clk 0:05:29]} 22. a5 {[%clk 0:47:51]} Bf6
{[%clk 0:02:59]} 23. Qd2 {[%clk 0:41:02]} Kg7 {[%clk 0:03:06]} 24. Nd5
{[%clk 0:28:50]} Ra8 {[%clk 0:02:22]} 25. Nxf6 {[%clk 0:27:32]} Nxf6
{[%clk 0:02:39]} 26. Bd4 {[%clk 0:27:46]} e5 {[%clk 0:03:04]} 27. Be3
{[%clk 0:26:20]} h4 {[%clk 0:03:24]} 28. Bg5 {[%clk 0:22:45]} hxg3
{[%clk 0:03:00]} 29. Bxf6+ {[%clk 0:17:58]} Kxf6 {[%clk 0:03:27]} 30. hxg3
{[%clk 0:18:16]} b6 {[%clk 0:02:06]} 31. axb6 {[%clk 0:14:14]} Rad8
{[%clk 0:02:10]} 32. Qa5 {[%clk 0:12:47]} Rb8 {[%clk 0:02:25]} 33. c5
{[%clk 0:09:00]} dxc5 {[%clk 0:02:17]} 34. Rxc5 {[%clk 0:08:13]} Qe6
{[%clk 0:01:25]} 35. Rxd7 {[%clk 0:06:55]} Qxd7 {[%clk 0:01:49]} 36. Qc3
{[%clk 0:06:53]} Re8 {[%clk 0:01:09]} 37. f4 {[%clk 0:05:19]} Qg4
{[%clk 0:01:25]} 38. fxe5+ {[%clk 0:03:47]} Kg7 {[%clk 0:01:19]} 39. Qf3
{[%clk 0:01:58]} Qxf3+ {[%clk 0:01:12]} 40. Kxf3 {[%clk 0:02:26]} Re6
{[%clk 0:01:35]} 41. b7 {[%clk 0:01:31]} Rb6 {[%clk 0:01:54]} 42. Rc7
{[%clk 0:01:21]} Rxb3+ {[%clk 0:38:47]} 43. Kf4 {[%clk 0:50:43]} Rb6
{[%clk 0:37:02]} 44. e6 {[%clk 0:50:42]} 1-0

[Event "Hastings Masters 2016/17"]
[Site "Hastings, England"]
[Date "2016.12.29"]
[Round "2.21"]
[White "Teh, Eu Wen Aron"]
[Black "Burrows, Martin P"]
[Result "1/2-1/2"]
[WhiteElo "2279"]
[BlackElo "2124"]
[PlyCount "0"]
[EventDate "2016.12.28"]

1. d4 {[%clk 1:40:54]} Nf6 {[%clk 1:40:53]} 2. c4 {[%clk 1:41:13]} g6
{[%clk 1:41:18]} 3. Nc3 {[%clk 1:41:33]} Bg7 {[%clk 1:41:40]} 4. e4
{[%clk 1:41:54]} d6 {[%clk 1:42:04]} 5. Be2 {[%clk 1:42:11]} O-O {[%clk 1:42:11]}
6. Bg5 {[%clk 1:42:29]} Na6 {[%clk 1:42:02]} 7. Qd2 {[%clk 1:42:45]} e5
{[%clk 1:41:28]} 8. d5 {[%clk 1:42:50]} Qe8 {[%clk 1:39:57]} 9. Bd1
{[%clk 1:35:56]} c6 {[%clk 1:40:00]} 10. Nge2 {[%clk 1:31:51]} cxd5
{[%clk 1:39:45]} 11. cxd5 {[%clk 1:31:28]} Nc5 {[%clk 1:38:18]} 12. Ng3
{[%clk 1:21:25]} a5 {[%clk 1:32:25]} 13. Bc2 {[%clk 1:08:57]} Bd7
{[%clk 1:26:05]} 14. O-O {[%clk 1:02:00]} h5 {[%clk 1:22:29]} 15. Bh6
{[%clk 0:43:30]} Nh7 {[%clk 1:15:00]} 16. Bxg7 {[%clk 0:40:20]} Kxg7
{[%clk 1:15:25]} 17. f4 {[%clk 0:40:05]} exf4 {[%clk 1:12:10]} 18. Rxf4
{[%clk 0:32:29]} Qe7 {[%clk 0:59:48]} 19. Raf1 {[%clk 0:30:32]} h4
{[%clk 0:58:44]} 20. Nge2 {[%clk 0:27:53]} h3 {[%clk 0:56:47]} 21. g3
{[%clk 0:26:54]} Ng5 {[%clk 0:54:05]} 22. Nd4 {[%clk 0:25:58]} a4
{[%clk 0:38:51]} 23. Nf3 {[%clk 0:21:15]} Nxf3+ {[%clk 0:36:36]} 24. R1xf3
{[%clk 0:21:32]} Qe5 {[%clk 0:31:23]} 25. Rh4 {[%clk 0:17:53]} g5
{[%clk 0:22:40]} 26. Rh5 {[%clk 0:12:42]} f6 {[%clk 0:10:51]} 27. Rf4
{[%clk 0:11:38]} gxf4 {[%clk 0:08:44]} 28. Rxe5 {[%clk 0:12:02]} fxe5
{[%clk 0:09:04]} 29. Ne2 {[%clk 0:09:23]} f3 {[%clk 0:07:09]} 30. Qg5+
{[%clk 0:09:15]} Kf7 {[%clk 0:05:42]} 31. Nc3 {[%clk 0:09:23]} Ra6
{[%clk 0:05:07]} 32. Bd1 {[%clk 0:05:21]} Ke8 {[%clk 0:05:28]} 33. Kf2
{[%clk 0:03:11]} Rb6 {[%clk 0:04:19]} 34. Bxf3 {[%clk 0:02:54]} Rxb2+
{[%clk 0:02:35]} 35. Ke3 {[%clk 0:03:21]} Rxf3+ {[%clk 0:02:48]} 36. Kxf3
{[%clk 0:03:50]} Rxh2 {[%clk 0:01:24]} 37. Qg8+ {[%clk 0:02:37]} Ke7
{[%clk 0:01:52]} 38. Qg5+ {[%clk 0:03:04]} Kf7 {[%clk 0:01:27]} 39. Qh5+
{[%clk 0:03:16]} Ke7 {[%clk 0:01:44]} 40. Qg5+ {[%clk 0:03:38]} Kf7
{[%clk 0:02:05]} 1/2-1/2

[Event "Hastings Masters 2016/17"]
[Site "Hastings, England"]
[Date "2016.12.29"]
[Round "2.22"]
[White "Rayner, Francis"]
[Black "Cunningham, Robin"]
[Result "1/2-1/2"]
[WhiteElo "2080"]
[BlackElo "2263"]
[PlyCount "0"]
[EventDate "2016.12.28"]

1. e4 {[%clk 1:40:57]} c5 {[%clk 1:40:46]} 2. Nf3 {[%clk 1:41:09]} Nc6
{[%clk 1:41:02]} 3. Bb5 {[%clk 1:39:56]} d6 {[%clk 1:41:01]} 4. O-O
{[%clk 1:37:13]} Bd7 {[%clk 1:41:05]} 5. c3 {[%clk 1:36:50]} Nf6 {[%clk 1:41:27]}
6. Re1 {[%clk 1:36:47]} a6 {[%clk 1:41:50]} 7. Bxc6 {[%clk 1:31:00]} Bxc6
{[%clk 1:40:23]} 8. d4 {[%clk 1:29:48]} Bxe4 9. Bg5 {[%clk 1:29:19]} Bc6
{[%clk 1:38:24]} 10. Bxf6 {[%clk 1:28:19]} gxf6 {[%clk 1:38:47]} 11. d5
{[%clk 1:27:27]} Bd7 12. Nbd2 {[%clk 1:25:14]} Qc7 {[%clk 1:25:59]} 13. a4
{[%clk 1:19:29]} Rg8 {[%clk 1:21:26]} 14. Qc2 {[%clk 1:02:34]} Rg7
{[%clk 1:06:46]} 15. Qd3 {[%clk 0:51:30]} Rc8 {[%clk 0:59:33]} 16. Ne4
{[%clk 0:46:07]} Kd8 {[%clk 0:55:21]} 17. c4 {[%clk 0:41:11]} Bf5
{[%clk 0:48:20]} 18. Qc3 {[%clk 0:37:52]} Bxe4 {[%clk 0:48:22]} 19. Rxe4
{[%clk 0:38:20]} Qd7 {[%clk 0:48:50]} 20. Qa5+ {[%clk 0:29:22]} Qc7
{[%clk 0:47:33]} 21. Qc3 {[%clk 0:28:17]} Qd7 {[%clk 0:47:17]} 22. Qa5+
{[%clk 0:27:05]} Qc7 {[%clk 0:45:03]} 23. Qc3 {[%clk 0:25:23]} 1/2-1/2

[Event "Hastings Masters 2016/17"]
[Site "Hastings, England"]
[Date "2016.12.29"]
[Round "2.23"]
[White "Boino, Claudio"]
[Black "Vaishali, R"]
[Result "1/2-1/2"]
[WhiteElo "2066"]
[BlackElo "2254"]
[PlyCount "0"]
[EventDate "2016.12.28"]

1. d4 Nf6 2. Nf3 g6 3. c4 Bg7 4. Nc3 O-O 5. e4 c6 6. Be2 d5 7. e5 Ne4 8. O-O Nxc3
9. bxc3 b6 10. Bg5 Ba6 11. cxd5 cxd5 12. Bxa6 Nxa6 13. h4 Rc8 14. Qa4 Nb8 15.
Qxa7 Nc6 16. Qa3 h6 17. Be3 Na5 18. Nd2 Qd7 19. Rab1 Rc6 20. Rfc1 Rfc8 21. Qa4
Qg4 22. Nf3 Nc4 23. Re1 Nxe5 24. Nxe5 Bxe5 25. Qb5 Bg7 26. Qxd5 Qxh4 27. Bd2 e6
28. Qd7 R8c7 29. Qe8+ Bf8 30. Re3 Rc8 31. Qd7 Qd8 32. Qxd8 Rxd8 33. Re5 Ra8 34.
Rb2 Ba3 35. Rc2 Kg7 36. Rb5 Ra4 37. Bf4 g5 38. Be3 Be7 39. d5 exd5 40. Rxd5 Bf6
41. c4 Kg6 42. g3 Be7 43. Kg2 f5 44. Rb5 Bc5 45. Bxc5 bxc5 46. Rb7 g4 47. Rb8
Rca6 48. Rb5 Rxa2 1/2-1/2

[Event "Hastings Masters 2016/17"]
[Site "Hastings, England"]
[Date "2016.12.29"]
[Round "2.24"]
[White "Raddatz, Michael"]
[Black "Player, Edmund C"]
[Result "0-1"]
[WhiteElo "2028"]
[BlackElo "2239"]
[PlyCount "0"]
[EventDate "2016.12.28"]

1. e4 e6 2. d4 d5 3. Nd2 Be7 {[%clk 0:00:00]} 4. Bd3 c5 {[%clk 0:00:00]} 5. c3
cxd4 6. cxd4 dxe4 7. Nxe4 Nf6 {[%clk 0:00:00]} 8. Nf3 Nc6 {[%clk 0:00:00]} 9. O-O
O-O {[%clk 0:00:00]} 10. Nxf6+ Bxf6 {[%clk 0:00:00]} 11. Be3 Qd6 {[%clk 0:00:00]}
12. Rc1 g6 {[%clk 0:00:00]} 13. Be4 Rd8 14. Bxc6 bxc6 {[%clk 0:00:00]} 15. Qa4
Bd7 {[%clk 0:00:00]} 16. Rc5 Qb8 {[%clk 0:00:00]} 17. Qc2 Be8 {[%clk 0:00:00]}
18. Ne5 Rd5 {[%clk 0:00:00]} 19. Ng4 Be7 {[%clk 0:00:00]} 20. Rc4 f6
{[%clk 0:00:00]} 21. Qe4 Bd7 {[%clk 0:00:00]} 22. Qf3 Qd8 {[%clk 0:00:00]} 23.
Bf4 c5 {[%clk 0:00:00]} 24. dxc5 Bb5 {[%clk 0:00:00]} 25. Rcc1 Bxf1
{[%clk 0:00:00]} 26. Kxf1 Rc8 {[%clk 0:00:00]} 27. b4 e5 {[%clk 0:00:00]} 28. Qb3
Kh8 {[%clk 0:00:00]} 29. Bh6 Qg8 {[%clk 0:00:00]} 30. Qf3 Qe6 {[%clk 0:00:00]}
31. Ne3 Rd7 {[%clk 0:00:00]} 32. c6 e4 {[%clk 0:00:00]} 33. Qg4 Rxc6 34. Qxe6
Rxe6 {[%clk 0:00:00]} 35. a4 Kg8 36. b5 Kf7 {[%clk 0:00:00]} 37. Bf4 Bd6
{[%clk 0:00:00]} 38. Bxd6 Rexd6 39. a5 Ke6 {[%clk 0:00:00]} 40. Rc8 Rd8
{[%clk 0:00:00]} 41. Rc7 R8d7 {[%clk 0:00:00]} 42. Rc8 Rd2 43. Re8+ Kf7
{[%clk 0:00:00]} 44. Rb8 Rb2 {[%clk 0:00:00]} 45. b6 axb6 46. axb6 Rd6
{[%clk 0:00:00]} 47. b7 Rd7 {[%clk 0:00:00]} 48. Rh8 Rdxb7 {[%clk 0:00:00]} 49.
Nc4 Rb1+ 50. Ke2 Kg7 {[%clk 0:00:00]} 51. Ra8 Rc1 {[%clk 0:00:00]} 52. Ra4 Rc7
{[%clk 0:00:00]} 53. Ne3 f5 {[%clk 0:00:00]} 54. g3 Rb7 {[%clk 0:00:00]} 55. Ra2
Rcb1 {[%clk 0:00:00]} 56. Nc4 R1b4 {[%clk 0:00:00]} 57. Nd6 Rb2+ {[%clk 0:00:00]}
58. Rxb2 Rxb2+ {[%clk 0:00:00]} 59. Ke3 Rb4 {[%clk 0:00:00]} 60. g4 Rb3+
{[%clk 0:00:00]} 61. Ke2 Kf6 {[%clk 0:00:00]} 62. gxf5 gxf5 {[%clk 0:00:00]} 63.
Nc4 Rh3 {[%clk 0:00:00]} 0-1

[Event "Hastings Masters 2016/17"]
[Site "Hastings, England"]
[Date "2016.12.29"]
[Round "2.25"]
[White "Maisuradze, Nino"]
[Black "Punnett, Alan K"]
[Result "1-0"]
[WhiteElo "2231"]
[BlackElo "2047"]
[PlyCount "0"]
[EventDate "2016.12.28"]

1. d4 {[%clk 1:40:57]} Nf6 {[%clk 1:40:46]} 2. Bg5 {[%clk 1:40:27]} c5
{[%clk 1:39:39]} 3. d5 {[%clk 1:40:26]} Qb6 {[%clk 1:39:40]} 4. Bc1
{[%clk 1:38:47]} g6 {[%clk 1:37:02]} 5. Nc3 {[%clk 1:33:34]} Bg7 {[%clk 1:36:36]}
6. e4 {[%clk 1:33:32]} d6 {[%clk 1:36:43]} 7. Be2 {[%clk 1:32:38]} O-O
{[%clk 1:36:27]} 8. h4 {[%clk 1:30:27]} h5 {[%clk 1:32:44]} 9. Nh3
{[%clk 1:27:25]} a6 {[%clk 1:08:51]} 10. Ng5 {[%clk 1:26:19]} Qc7
{[%clk 1:05:58]} 11. a4 {[%clk 1:26:00]} b6 {[%clk 1:05:14]} 12. O-O
{[%clk 1:20:35]} Ra7 {[%clk 1:00:21]} 13. Ra3 {[%clk 1:19:54]} Nh7
{[%clk 0:56:19]} 14. Nxh7 {[%clk 1:18:37]} Kxh7 {[%clk 0:56:43]} 15. Bxh5
{[%clk 1:17:12]} gxh5 {[%clk 0:55:52]} 16. Qxh5+ {[%clk 1:17:37]} Kg8
{[%clk 0:55:44]} 17. Bh6 {[%clk 1:10:35]} f5 {[%clk 0:45:34]} 18. Bxg7
{[%clk 1:08:09]} Kxg7 {[%clk 0:45:37]} 19. Nb5 {[%clk 1:07:49]} axb5
{[%clk 0:45:28]} 20. Rg3+ {[%clk 1:08:14]} Kf6 {[%clk 0:45:25]} 21. Rg6+
{[%clk 1:07:54]} Ke5 {[%clk 0:43:12]} 22. f4+ {[%clk 1:08:09]} Kd4
{[%clk 0:42:09]} 23. Qd1+ {[%clk 1:08:26]} Kc4 {[%clk 0:41:47]} 24. Qd3+
{[%clk 1:08:42]} Kb4 {[%clk 0:42:03]} 25. Qxb5# 1-0*

[Event "Hastings Masters 2016/17"]
[Site "Hastings, England"]
[Date "2016.12.29"]
[Round "2.26"]
[White "Snape, Ian L"]
[Black "Dilleigh, Stephen P"]
[Result "1/2-1/2"]
[WhiteElo "2222"]
[BlackElo "2038"]
[PlyCount "0"]
[EventDate "2016.12.28"]

1. e4 {[%clk 1:40:55]} e6 {[%clk 1:40:52]} 2. d4 {[%clk 1:41:11]} d5
{[%clk 1:41:13]} 3. Nc3 {[%clk 1:41:35]} Nf6 {[%clk 1:41:35]} 4. e5
{[%clk 1:41:59]} Nfd7 {[%clk 1:41:57]} 5. f4 {[%clk 1:42:23]} c5 {[%clk 1:42:19]}
6. Nf3 {[%clk 1:42:46]} Nc6 {[%clk 1:42:40]} 7. Be3 {[%clk 1:43:10]} Qb6
{[%clk 1:42:42]} 8. Na4 {[%clk 1:43:21]} Qa5+ {[%clk 1:42:57]} 9. c3
{[%clk 1:43:37]} b6 {[%clk 1:42:37]} 10. Bd2 {[%clk 1:43:47]} c4 {[%clk 1:42:37]}
11. b4 {[%clk 1:44:06]} Nxb4 {[%clk 1:41:50]} 12. cxb4 {[%clk 1:44:23]} Bxb4
{[%clk 1:42:05]} 13. Qc2 {[%clk 1:44:18]} Bxd2+ {[%clk 1:41:48]} 14. Nxd2
{[%clk 1:44:42]} b5 {[%clk 1:41:53]} 15. Nc3 {[%clk 1:45:03]} b4 {[%clk 1:42:02]}
16. Nd1 {[%clk 1:45:23]} Qb6 {[%clk 1:40:24]} 17. Nf3 {[%clk 1:45:17]} O-O
{[%clk 1:34:39]} 18. Be2 {[%clk 1:43:05]} f6 {[%clk 1:27:53]} 19. Nf2
{[%clk 1:40:43]} fxe5 {[%clk 1:06:48]} 20. fxe5 {[%clk 1:40:24]} Rxf3
{[%clk 1:03:06]} 21. Bxf3 {[%clk 1:37:22]} Qxd4 {[%clk 1:03:18]} 22. O-O
{[%clk 1:35:13]} Nxe5 {[%clk 0:59:41]} 23. Qe2 {[%clk 1:27:04]} Bd7
{[%clk 0:44:53]} 24. Rad1 {[%clk 1:17:11]} Nxf3+ {[%clk 0:42:41]} 25. Qxf3
{[%clk 1:17:28]} Qc5 {[%clk 0:42:39]} 26. Kh1 {[%clk 1:16:45]} Rf8
{[%clk 0:32:20]} 27. Qg3 {[%clk 1:16:53]} Ba4 {[%clk 0:30:45]} 28. Rde1
{[%clk 1:14:46]} Bc2 {[%clk 0:27:26]} 29. Ng4 {[%clk 1:11:15]} Bg6
{[%clk 0:15:57]} 30. Qe5 {[%clk 0:58:08]} Qb6 {[%clk 0:13:28]} 31. Rxf8+
{[%clk 0:44:49]} Kxf8 {[%clk 0:13:51]} 32. Rf1+ {[%clk 0:44:46]} Kg8
{[%clk 0:07:24]} 33. Ne3 {[%clk 0:44:39]} h6 {[%clk 0:04:37]} 34. Nxd5
{[%clk 0:39:22]} exd5 {[%clk 0:04:59]} 35. Qxd5+ {[%clk 0:39:48]} Kh7
{[%clk 0:05:19]} 36. Qxc4 {[%clk 0:40:00]} Qd6 {[%clk 0:04:48]} 37. Qf4
{[%clk 0:33:37]} Qxf4 {[%clk 0:02:43]} 38. Rxf4 {[%clk 0:34:04]} a5
{[%clk 0:03:05]} 39. Rc4 {[%clk 0:34:17]} Bf7 {[%clk 0:03:05]} 40. Rc5
{[%clk 0:34:39]} a4 {[%clk 0:01:54]} 41. Rb5 {[%clk 0:34:31]} Bxa2
{[%clk 0:00:59]} 42. Rxb4 {[%clk 0:34:54]} Bb3 {[%clk 0:01:11]} 43. Rb6
{[%clk 0:34:27]} Kg8 {[%clk 0:36:39]} 44. Kg1 {[%clk 1:24:39]} Kf7
{[%clk 0:36:20]} 45. Kf2 {[%clk 1:24:50]} Ke7 {[%clk 0:32:09]} 46. Ke3
{[%clk 1:14:36]} Bd5 {[%clk 0:29:16]} 47. Ra6 {[%clk 1:13:33]} Bxg2
{[%clk 0:28:27]} 48. Rxa4 {[%clk 1:13:38]} Kf6 {[%clk 0:26:27]} 49. Kf4
{[%clk 1:13:50]} Bh3 {[%clk 0:24:25]} 50. Ra6+ {[%clk 1:13:48]} Be6
{[%clk 0:24:17]} 51. Kg3 {[%clk 1:07:27]} g5 {[%clk 0:23:14]} 52. Rb6
{[%clk 1:07:06]} Ke5 {[%clk 0:21:36]} 53. h4 {[%clk 1:06:39]} gxh4+
{[%clk 0:18:54]} 54. Kxh4 {[%clk 1:07:04]} Kf5 {[%clk 0:17:34]} 55. Kh5
{[%clk 1:07:12]} Bf7+ {[%clk 0:17:46]} 56. Kxh6 {[%clk 1:07:27]} Bc4
{[%clk 0:17:46]} 57. Rb4 {[%clk 1:07:12]} Be2 {[%clk 0:17:38]} 58. Rb8
{[%clk 1:07:21]} Bd3 {[%clk 0:17:36]} 59. Rf8+ {[%clk 1:07:40]} Ke5
{[%clk 0:17:16]} 60. Kg5 {[%clk 1:08:04]} Kd4 {[%clk 0:16:33]} 61. Kf4
{[%clk 1:08:25]} Kc3 {[%clk 0:14:34]} 62. Ke3 {[%clk 1:08:45]} Bc4
{[%clk 0:11:05]} 63. Rc8 {[%clk 1:08:30]} Kb3 {[%clk 0:11:16]} 64. Kd4
{[%clk 1:08:10]} Be6 {[%clk 0:11:27]} 65. Rc3+ {[%clk 1:07:52]} Kb2
{[%clk 0:11:31]} 66. Re3 {[%clk 1:07:59]} Bf5 {[%clk 0:10:58]} 67. Kc4
{[%clk 1:07:55]} Bg4 {[%clk 0:09:58]} 68. Re4 {[%clk 1:07:30]} Bh5
{[%clk 0:10:04]} 69. Rf4 {[%clk 1:07:33]} Be2+ {[%clk 0:09:39]} 70. Kb4
{[%clk 1:07:57]} Kc2 {[%clk 0:10:02]} 71. Rd4 {[%clk 1:07:40]} Bd3
{[%clk 0:10:02]} 72. Rh4 {[%clk 1:07:50]} Bf5 {[%clk 0:09:58]} 73. Rc4+
{[%clk 1:07:39]} Kd3 {[%clk 0:09:54]} 74. Rc3+ {[%clk 1:07:41]} Kd4
{[%clk 0:10:03]} 75. Rc5 {[%clk 1:08:00]} Be6 {[%clk 0:10:04]} 76. Rh5
{[%clk 1:08:06]} Bd7 {[%clk 0:09:56]} 77. Rh1 {[%clk 1:08:15]} Be6
{[%clk 0:09:32]} 78. Rd1+ {[%clk 1:08:36]} Ke5 {[%clk 0:09:54]} 79. Kc5
{[%clk 1:08:59]} Bb3 {[%clk 0:09:39]} 80. Rd3 {[%clk 1:08:36]} Be6
{[%clk 0:09:12]} 81. Re3+ {[%clk 1:08:59]} Kf5 {[%clk 0:09:29]} 82. Re1
{[%clk 1:08:37]} Bb3 {[%clk 0:09:23]} 83. Kd6 {[%clk 1:08:05]} Bc4
{[%clk 0:09:03]} 84. Re5+ {[%clk 1:08:03]} Kf6 {[%clk 0:08:53]} 85. Re4
{[%clk 1:08:20]} Bb3 {[%clk 0:08:37]} 86. Rf4+ {[%clk 1:08:42]} Kg6
{[%clk 0:08:39]} 87. Ke5 {[%clk 1:08:47]} Kg7 {[%clk 0:08:35]} 88. Rf6
{[%clk 1:08:48]} Bc4 {[%clk 0:08:43]} 89. Kf5 {[%clk 1:09:00]} Bd3+
{[%clk 0:09:02]} 90. Kg5 {[%clk 1:09:25]} Bc2 {[%clk 0:09:11]} 91. Rc6
{[%clk 1:09:42]} Bb3 {[%clk 0:07:39]} 92. Rc7+ {[%clk 1:10:05]} Kf8
{[%clk 0:07:25]} 93. Kf6 {[%clk 1:09:27]} Ke8 {[%clk 0:07:37]} 94. Re7+
{[%clk 1:09:25]} Kd8 {[%clk 0:07:53]} 95. Re3 {[%clk 1:07:42]} Ba2
{[%clk 0:07:14]} 96. Rd3+ {[%clk 1:07:56]} Kc7 {[%clk 0:07:30]} 97. Ra3
{[%clk 1:08:00]} Bd5 {[%clk 0:06:56]} 98. Ke7 {[%clk 1:08:16]} Kc6
{[%clk 0:07:01]} 99. Rc3+ {[%clk 1:08:39]} Kb5 {[%clk 0:07:12]} 100. Kd6
{[%clk 1:09:03]} Bc4 {[%clk 0:07:06]} 101. Ke5 {[%clk 1:09:24]} Kb4
{[%clk 0:07:13]} 102. Kd4 {[%clk 1:09:47]} Be6 {[%clk 0:06:08]} 103. Rc6
{[%clk 1:10:05]} Bg4 {[%clk 0:05:48]} 104. Rb6+ {[%clk 1:10:24]} Ka4
{[%clk 0:05:55]} 1/2-1/2

[Event "Hastings Masters 2016/17"]
[Site "Hastings, England"]
[Date "2016.12.29"]
[Round "2.27"]
[White "Rice, Chris B"]
[Black "Marusenko, Petr"]
[Result "1/2-1/2"]
[WhiteElo "2002"]
[BlackElo "2214"]
[PlyCount "0"]
[EventDate "2016.12.28"]

1. c4 {[%clk 1:40:56]} Nf6 {[%clk 1:40:01]} 2. g3 {[%clk 1:40:51]} e6
{[%clk 1:40:23]} 3. Nf3 {[%clk 1:40:35]} d5 {[%clk 1:40:49]} 4. b3
{[%clk 1:40:28]} c5 {[%clk 1:41:11]} 5. Bg2 {[%clk 1:36:22]} Nc6 {[%clk 1:40:52]}
6. Bb2 {[%clk 1:35:58]} d4 {[%clk 1:40:44]} 7. O-O {[%clk 1:31:13]} Be7
{[%clk 1:41:09]} 8. e3 {[%clk 1:31:14]} e5 {[%clk 1:41:12]} 9. exd4
{[%clk 1:30:59]} cxd4 {[%clk 1:41:36]} 10. Re1 {[%clk 1:25:52]} Nd7
{[%clk 1:38:44]} 11. b4 {[%clk 1:17:25]} f6 {[%clk 1:37:26]} 12. a3
{[%clk 1:05:18]} Nf8 {[%clk 1:34:02]} 13. d3 {[%clk 1:02:27]} Bg4
{[%clk 1:20:56]} 14. Nbd2 {[%clk 0:59:52]} Qd7 {[%clk 1:18:34]} 15. c5
{[%clk 0:53:29]} Ne6 {[%clk 1:17:17]} 16. Qc2 {[%clk 0:36:59]} O-O
{[%clk 1:16:02]} 17. Nc4 {[%clk 0:35:24]} Rfc8 {[%clk 1:14:09]} 18. Nfd2
{[%clk 0:25:07]} Ncd8 {[%clk 1:13:41]} 19. Qb3 {[%clk 0:24:21]} Nf7
{[%clk 1:13:13]} 20. Rac1 {[%clk 0:21:10]} Rab8 {[%clk 1:11:59]} 21. Na5
{[%clk 0:16:10]} Ned8 {[%clk 1:11:41]} 22. Bd5 {[%clk 0:11:10]} Be6
{[%clk 1:10:05]} 23. Bxe6 {[%clk 0:10:43]} Nxe6 {[%clk 1:10:13]} 24. Nac4
{[%clk 0:07:34]} Qd5 {[%clk 1:07:42]} 25. Qd1 {[%clk 0:07:30]} Re8
{[%clk 0:47:17]} 26. Qf3 {[%clk 0:07:26]} Qxf3 {[%clk 0:47:17]} 27. Nxf3
{[%clk 0:07:52]} Nc7 {[%clk 0:44:01]} 28. Kg2 {[%clk 0:06:00]} Nd5
{[%clk 0:43:59]} 29. Rc2 {[%clk 0:05:35]} Rbc8 {[%clk 0:35:55]} 30. Rce2
{[%clk 0:05:24]} Rc7 {[%clk 0:33:26]} 31. Nfd2 {[%clk 0:04:19]} b6
{[%clk 0:33:25]} 32. cxb6 {[%clk 0:04:15]} axb6 {[%clk 0:33:53]} 33. Ne4
{[%clk 0:03:13]} Rec8 {[%clk 0:33:37]} 34. b5 {[%clk 0:02:12]} g5
{[%clk 0:28:54]} 35. h3 {[%clk 0:02:27]} Kg7 {[%clk 0:28:30]} 36. Ned2
{[%clk 0:02:12]} h5 {[%clk 0:28:34]} 37. Ne4 {[%clk 0:02:34]} h4 {[%clk 0:28:56]}
38. Rc1 {[%clk 0:02:26]} hxg3 {[%clk 0:29:16]} 39. Kxg3 {[%clk 0:02:28]} Nf4
{[%clk 0:28:24]} 40. Rd2 {[%clk 0:02:38]} Nxd3 {[%clk 0:28:31]} 41. Rxd3
{[%clk 0:01:57]} Rxc4 {[%clk 0:28:28]} 42. Rxc4 {[%clk 0:01:40]} Rxc4
{[%clk 0:28:52]} 43. f3 {[%clk 0:47:15]} Nd6 {[%clk 1:16:02]} 44. Rb3
{[%clk 0:39:18]} Rc2 {[%clk 1:12:21]} 45. Nxd6 {[%clk 0:32:45]} Bxd6
{[%clk 1:12:42]} 46. h4 {[%clk 0:32:49]} gxh4+ {[%clk 0:58:26]} 47. Kxh4
{[%clk 0:32:47]} Kg6 {[%clk 0:58:50]} 48. f4 {[%clk 0:32:21]} Kf5
{[%clk 0:58:46]} 49. fxe5 {[%clk 0:31:29]} Bxe5 {[%clk 0:57:48]} 50. Rf3+
{[%clk 0:27:54]} Ke4 {[%clk 0:58:05]} 1/2-1/2

[Event "Hastings Masters 2016/17"]
[Site "Hastings, England"]
[Date "2016.12.29"]
[Round "2.28"]
[White "Taylor, Adam C"]
[Black "Norton, Craig"]
[Result "1-0"]
[WhiteElo "2212"]
[BlackElo "2033"]
[PlyCount "0"]
[EventDate "2016.12.28"]

1. Nf3 {[%clk 1:40:54]} c5 {[%clk 1:40:54]} 2. g3 {[%clk 1:40:54]} Nc6
{[%clk 1:41:13]} 3. Bg2 {[%clk 1:40:20]} g6 {[%clk 1:41:15]} 4. O-O
{[%clk 1:40:37]} Bg7 {[%clk 1:41:42]} 5. e4 {[%clk 1:39:15]} d6 {[%clk 1:41:57]}
6. c3 {[%clk 1:38:43]} Nf6 {[%clk 1:37:38]} 7. Re1 {[%clk 1:38:52]} O-O
{[%clk 1:38:01]} 8. h3 {[%clk 1:38:29]} Rb8 {[%clk 1:29:43]} 9. d4
{[%clk 1:37:51]} Qc7 {[%clk 1:20:41]} 10. Na3 {[%clk 1:08:30]} b5
{[%clk 1:16:14]} 11. e5 {[%clk 1:08:30]} dxe5 {[%clk 1:13:33]} 12. dxe5
{[%clk 1:08:53]} Nd7 {[%clk 1:11:37]} 13. e6 {[%clk 1:09:08]} fxe6
{[%clk 1:11:53]} 14. Ng5 {[%clk 1:07:59]} Nde5 {[%clk 1:01:39]} 15. f4
{[%clk 1:05:47]} Nf7 {[%clk 1:01:06]} 16. Nxe6 {[%clk 1:04:39]} Bxe6
{[%clk 1:01:28]} 17. Rxe6 {[%clk 1:05:00]} Rfd8 {[%clk 1:00:13]} 18. Qf3
{[%clk 0:58:49]} Na5 {[%clk 0:56:33]} 19. Qe2 {[%clk 0:59:10]} Bf6
{[%clk 0:55:08]} 20. Nxb5 {[%clk 0:55:11]} Qd7 {[%clk 0:55:09]} 21. c4
{[%clk 0:51:36]} Nxc4 {[%clk 0:54:01]} 22. Qxc4 {[%clk 0:49:36]} Qxb5
{[%clk 0:54:04]} 23. Qxb5 {[%clk 0:45:23]} Rxb5 {[%clk 0:53:07]} 24. Bf1
{[%clk 0:43:42]} Bxb2 {[%clk 0:49:31]} 25. Bxb2 {[%clk 0:43:26]} Rxb2
{[%clk 0:49:54]} 26. Rxe7 {[%clk 0:43:48]} Rdd2 {[%clk 0:44:34]} 27. Rxa7
{[%clk 0:42:50]} Nd6 {[%clk 0:44:36]} 28. Re1 {[%clk 0:41:37]} Kf8
{[%clk 0:41:05]} 29. Ree7 {[%clk 0:31:08]} Rxa2 {[%clk 0:36:57]} 30. Rac7
{[%clk 0:30:01]} Ra1 {[%clk 0:36:39]} 31. Rxh7 {[%clk 0:30:04]} Kg8
{[%clk 0:37:02]} 32. Rcg7+ {[%clk 0:29:40]} Kf8 {[%clk 0:37:21]} 33. Rd7
{[%clk 0:29:34]} Kg8 {[%clk 0:37:08]} 34. Rhg7+ {[%clk 0:29:57]} Kf8
{[%clk 0:37:08]} 35. Rh7 {[%clk 0:23:47]} Kg8 {[%clk 0:37:26]} 36. Rdg7+
{[%clk 0:23:58]} Kf8 {[%clk 0:37:50]} 37. Rc7 {[%clk 0:24:18]} Kg8
{[%clk 0:37:47]} 38. Rhd7 {[%clk 0:24:43]} 1-0